[Event "6. Esbjerg Efterår - Esbjergmesterskabet 2023"]
[Site "Rybners HTX"]
[Date "2023.10.21"]
[Round "4.5"]
[White "Holmsgaard, Henrik"]
[Black "Madsen, Jens Ingemann"]
[Result "1-0"]
[WhiteElo "2134"]
[BlackElo "1833"]

1. e4 {[%clk 01:30:57]} {[%emt 00:00:03]} c6 {[%clk 01:30:50]} {[%emt
00:00:11]} 2. c4 {[%clk 01:30:58]} {[%emt 00:00:29]} d5 {[%clk 01:31:05]}
{[%emt 00:00:15]} 3. exd5 {[%clk 01:31:21]} {[%emt 00:00:07]} cxd5 {[%clk
01:31:27]} {[%emt 00:00:08]} 4. cxd5 {[%clk 01:31:45]} {[%emt 00:00:06]} Nf6
{[%clk 01:31:21]} {[%emt 00:00:37]} 5. Nc3 {[%clk 01:31:50]} {[%emt 00:00:24]}
Nxd5 {[%clk 01:28:57]} {[%emt 00:02:54]} 6. Nf3 {[%clk 01:32:04]} {[%emt
00:00:15]} Nc6 {[%clk 01:28:28]} {[%emt 00:00:59]} 7. Bc4 {[%clk 01:29:48]}
{[%emt 00:02:45]} e6 {[%clk 01:27:05]} {[%emt 00:01:54]} 8. O-O {[%clk
01:29:26]} {[%emt 00:00:52]} Be7 {[%clk 01:27:06]} {[%emt 00:00:31]} 9. d4
{[%clk 01:29:29]} {[%emt 00:00:26]} O-O {[%clk 01:24:51]} {[%emt 00:02:45]} 10.
Re1 {[%clk 01:29:34]} {[%emt 00:00:24]} Nxc3 {[%clk 01:22:35]} {[%emt
00:02:46]} 11. bxc3 {[%clk 01:28:37]} {[%emt 00:01:27]} a6 {[%clk 01:22:58]}
{[%emt 00:00:08]} 12. Bd3 {[%clk 01:23:22]} {[%emt 00:05:44]} h6 {[%clk
01:15:59]} {[%emt 00:07:30]} 13. Bc2 {[%clk 01:17:16]} {[%emt 00:06:36]} Qc7
{[%clk 01:05:23]} {[%emt 00:11:06]} 14. Ne5 {[%clk 00:58:19]} {[%emt 00:19:26]}
Bd6 {[%clk 00:50:41]} {[%emt 00:15:13]} 15. Qd3 {[%clk 00:48:39]} {[%emt
00:10:08]} f5 {[%clk 00:50:40]} {[%emt 00:00:32]} 16. Qg3 {[%clk 00:48:49]}
{[%emt 00:00:19]} Rf6 {[%clk 00:43:21]} {[%emt 00:07:50]} 17. Bb3 {[%clk
00:42:59]} {[%emt 00:06:19]} Na5 {[%clk 00:37:52]} {[%emt 00:06:00]} 18. Bf4
{[%clk 00:42:36]} {[%emt 00:00:53]} Kh7 {[%clk 00:30:45]} {[%emt 00:07:38]} 19.
h4 {[%clk 00:41:50]} {[%emt 00:01:15]} b5 {[%clk 00:29:11]} {[%emt 00:02:05]}
20. Nd3 {[%clk 00:36:44]} {[%emt 00:05:35]} Bxf4 {[%clk 00:23:35]} {[%emt
00:06:06]} 21. Nxf4 {[%clk 00:37:06]} {[%emt 00:00:08]} Nxb3 {[%clk 00:20:59]}
{[%emt 00:03:06]} 22. axb3 {[%clk 00:37:29]} {[%emt 00:00:07]} Qc6 {[%clk
00:20:16]} {[%emt 00:01:13]} 23. d5 {[%clk 00:34:25]} {[%emt 00:03:33]} Qe8
{[%clk 00:12:51]} {[%emt 00:07:55]} 24. Re5 {[%clk 00:33:26]} {[%emt 00:01:29]}
Qf7 {[%clk 00:08:36]} {[%emt 00:04:46]} 25. Rae1 {[%clk 00:27:56]} {[%emt
00:05:59]} Ra7 {[%clk 00:08:51]} {[%emt 00:00:15]} 26. dxe6 {[%clk 00:27:32]}
{[%emt 00:00:54]} Qe8 {[%clk 00:07:28]} {[%emt 00:01:54]} 27. Qd3 {[%clk
00:25:56]} {[%emt 00:02:05]} g6 {[%clk 00:05:34]} {[%emt 00:02:24]} 28. h5
{[%clk 00:26:03]} {[%emt 00:00:22]} gxh5 {[%clk 00:03:42]} {[%emt 00:02:23]} 29.
Rxf5 {[%clk 00:26:19]} {[%emt 00:00:14]} Rxf5 {[%clk 00:04:00]} {[%emt
00:00:13]} 30. Qxf5+ {[%clk 00:26:42]} {[%emt 00:00:07]} Kh8 {[%clk 00:03:52]}
{[%emt 00:00:38]} 31. Nxh5 {[%clk 00:21:02]} {[%emt 00:06:09]} Re7 {[%clk
00:03:20]} {[%emt 00:01:03]} 32. Qe5+ {[%clk 00:20:31]} {[%emt 00:01:00]} 1-0

[Event "6. Esbjerg Efterår - Esbjergmesterskabet 2023"]
[Site "Rybners HTX"]
[Date "2023.10.21"]
[Round "4.6"]
[White "Guindy, Esmat Susanne"]
[Black "Sejersen, Christian"]
[Result "1-0"]
[WhiteElo "2013"]
[BlackElo "1723"]

1. Nf3 {[%clk 01:30:37]} {[%emt 00:00:22]} e6 {[%clk 01:29:55]} {[%emt
00:01:06]} 2. g3 {[%clk 01:30:25]} {[%emt 00:00:41]} b6 {[%clk 01:29:37]}
{[%emt 00:00:48]} 3. Bg2 {[%clk 01:30:40]} {[%emt 00:00:14]} Bb7 {[%clk
01:30:00]} {[%emt 00:00:07]} 4. c4 {[%clk 01:30:30]} {[%emt 00:00:40]} Nf6
{[%clk 01:29:11]} {[%emt 00:01:19]} 5. Nc3 {[%clk 01:30:10]} {[%emt 00:00:51]}
Bb4 {[%clk 01:28:29]} {[%emt 00:01:12]} 6. O-O {[%clk 01:26:09]} {[%emt
00:04:31]} O-O {[%clk 01:27:07]} {[%emt 00:01:51]} 7. Qc2 {[%clk 01:23:47]}
{[%emt 00:02:52]} d6 {[%clk 01:26:39]} {[%emt 00:00:58]} 8. a3 {[%clk
01:22:25]} {[%emt 00:01:52]} Bxc3 {[%clk 01:27:00]} {[%emt 00:00:09]} 9. Qxc3
{[%clk 01:22:37]} {[%emt 00:00:18]} Nbd7 {[%clk 01:16:14]} {[%emt 00:11:16]} 10.
b4 {[%clk 01:21:48]} {[%emt 00:01:19]} a5 {[%clk 01:16:23]} {[%emt 00:00:20]}
11. Bb2 {[%clk 01:21:15]} {[%emt 00:01:03]} Qe7 {[%clk 01:12:00]} {[%emt
00:04:52]} 12. d3 {[%clk 01:14:31]} {[%emt 00:07:16]} e5 {[%clk 01:10:08]}
{[%emt 00:02:21]} 13. e4 {[%clk 01:12:32]} {[%emt 00:02:29]} Nh5 {[%clk
01:07:06]} {[%emt 00:03:31]} 14. Nh4 {[%clk 01:10:18]} {[%emt 00:02:44]} f6
{[%clk 00:42:42]} {[%emt 00:24:53]} 15. Bf3 {[%clk 01:02:24]} {[%emt 00:08:24]}
Qf7 {[%clk 00:42:44]} {[%emt 00:00:28]} 16. Nf5 {[%clk 01:02:22]} {[%emt
00:00:32]} Kh8 {[%clk 00:36:51]} {[%emt 00:06:23]} 17. Qd2 {[%clk 01:01:17]}
{[%emt 00:01:35]} g5 {[%clk 00:29:51]} {[%emt 00:07:30]} 18. Bc3 {[%clk
00:50:01]} {[%emt 00:11:47]} a4 {[%clk 00:27:51]} {[%emt 00:02:31]} 19. Qe2
{[%clk 00:46:46]} {[%emt 00:03:44]} Ng7 {[%clk 00:27:56]} {[%emt 00:00:24]} 20.
Nxg7 {[%clk 00:46:21]} {[%emt 00:00:56]} Kxg7 {[%clk 00:26:33]} {[%emt
00:01:51]} 21. Bh5 {[%clk 00:45:18]} {[%emt 00:01:35]} Qe6 {[%clk 00:22:52]}
{[%emt 00:04:11]} 22. Bg4 {[%clk 00:44:59]} {[%emt 00:00:49]} Qf7 {[%clk
00:22:58]} {[%emt 00:00:24]} 23. Bd2 {[%clk 00:44:29]} {[%emt 00:00:59]} Rh8
{[%clk 00:20:26]} {[%emt 00:03:02]} 24. Bh5 {[%clk 00:40:31]} {[%emt 00:04:28]}
Qe6 {[%clk 00:16:41]} {[%emt 00:04:15]} 25. f4 {[%clk 00:40:48]} {[%emt
00:00:12]} gxf4 {[%clk 00:15:53]} {[%emt 00:01:19]} 26. gxf4 {[%clk 00:40:54]}
{[%emt 00:00:24]} Rag8 {[%clk 00:13:00]} {[%emt 00:03:23]} 27. f5 {[%clk
00:39:25]} {[%emt 00:01:58]} Qe7 {[%clk 00:12:05]} {[%emt 00:01:25]} 28. Qg4+
{[%clk 00:37:43]} {[%emt 00:02:11]} Kf8 {[%clk 00:12:00]} {[%emt 00:00:35]} 29.
Bh6+ {[%clk 00:38:07]} {[%emt 00:00:05]} Rg7 {[%clk 00:12:17]} {[%emt
00:00:13]} 30. Kf2 {[%clk 00:37:10]} {[%emt 00:01:27]} Rhg8 {[%clk 00:08:25]}
{[%emt 00:04:23]} 31. Rg1 {[%clk 00:37:21]} {[%emt 00:00:18]} 1-0

[Event "6. Esbjerg Efterår - Esbjergmesterskabet 2023"]
[Site "Rybners HTX"]
[Date "2023.10.21"]
[Round "4.7"]
[White "Hye, Allan"]
[Black "Madsen, Svend"]
[Result "0-1"]
[WhiteElo "1987"]
[BlackElo "1661"]

1. d4 {[%clk 01:30:34]} {[%emt 00:00:26]} Nf6 {[%clk 01:30:53]} {[%emt
00:00:07]} 2. c4 {[%clk 01:30:55]} {[%emt 00:00:08]} e5 {[%clk 01:31:17]}
{[%emt 00:00:06]} 3. d5 {[%clk 01:29:05]} {[%emt 00:02:21]} Bc5 {[%clk
01:31:14]} {[%emt 00:00:32]} 4. Nc3 {[%clk 01:28:27]} {[%emt 00:01:08]} d6
{[%clk 01:30:37]} {[%emt 00:01:08]} 5. g3 {[%clk 01:25:16]} {[%emt 00:03:40]}
Bf5 {[%clk 01:28:34]} {[%emt 00:02:32]} 6. Bg2 {[%clk 01:21:08]} {[%emt
00:04:39]} O-O {[%clk 01:27:06]} {[%emt 00:01:57]} 7. e4 {[%clk 01:15:33]}
{[%emt 00:06:05]} Bg6 {[%clk 01:26:26]} {[%emt 00:01:10]} 8. Nge2 {[%clk
01:13:36]} {[%emt 00:02:27]} Re8 {[%clk 01:25:42]} {[%emt 00:01:14]} 9. Qc2
{[%clk 01:09:52]} {[%emt 00:04:14]} Nbd7 {[%clk 01:24:56]} {[%emt 00:01:16]} 10.
O-O {[%clk 01:08:11]} {[%emt 00:02:10]} a6 {[%clk 01:25:04]} {[%emt 00:00:23]}
11. Rb1 {[%clk 01:04:58]} {[%emt 00:03:43]} Rb8 {[%clk 01:18:08]} {[%emt
00:07:26]} 12. b4 {[%clk 01:02:24]} {[%emt 00:03:03]} Ba7 {[%clk 01:15:34]}
{[%emt 00:03:04]} 13. Bg5 {[%clk 00:53:01]} {[%emt 00:09:53]} h6 {[%clk
01:13:48]} {[%emt 00:02:17]} 14. Bd2 {[%clk 00:53:12]} {[%emt 00:00:18]} b5
{[%clk 01:10:49]} {[%emt 00:03:29]} 15. cxb5 {[%clk 00:49:55]} {[%emt
00:03:47]} axb5 {[%clk 01:11:03]} {[%emt 00:00:16]} 16. h3 {[%clk 00:44:23]}
{[%emt 00:06:02]} Rb7 {[%clk 01:04:07]} {[%emt 00:07:27]} 17. Qd3 {[%clk
00:38:27]} {[%emt 00:06:25]} Qb8 {[%clk 01:01:58]} {[%emt 00:02:40]} 18. Rbc1
{[%clk 00:28:36]} {[%emt 00:10:21]} Nb6 {[%clk 00:58:54]} {[%emt 00:03:33]} 19.
Be3 {[%clk 00:23:11]} {[%emt 00:05:56]} Nc8 {[%clk 00:52:30]} {[%emt 00:06:54]}
20. Bxa7 {[%clk 00:22:55]} {[%emt 00:00:45]} Nxa7 {[%clk 00:52:49]} {[%emt
00:00:11]} 21. Rfd1 {[%clk 00:20:44]} {[%emt 00:02:41]} Rd8 {[%clk 00:51:50]}
{[%emt 00:01:29]} 22. Qe3 {[%clk 00:17:40]} {[%emt 00:03:33]} c5 {[%clk
00:48:12]} {[%emt 00:04:09]} 23. a3 {[%clk 00:13:51]} {[%emt 00:04:20]} cxb4
{[%clk 00:46:19]} {[%emt 00:02:23]} 24. axb4 {[%clk 00:14:12]} {[%emt
00:00:09]} Nc8 {[%clk 00:45:30]} {[%emt 00:01:18]} 25. g4 {[%clk 00:12:40]}
{[%emt 00:02:02]} Ne7 {[%clk 00:44:24]} {[%emt 00:01:37]} 26. Ng3 {[%clk
00:11:28]} {[%emt 00:01:42]} Rc8 {[%clk 00:43:21]} {[%emt 00:01:33]} 27. Bf1
{[%clk 00:11:22]} {[%emt 00:00:36]} Nd7 {[%clk 00:40:22]} {[%emt 00:03:29]} 28.
h4 {[%clk 00:09:58]} {[%emt 00:01:53]} f6 {[%clk 00:40:43]} {[%emt 00:00:09]}
29. Bd3 {[%clk 00:07:02]} {[%emt 00:03:26]} Be8 {[%clk 00:40:03]} {[%emt
00:01:09]} 30. g5 {[%clk 00:06:35]} {[%emt 00:00:57]} hxg5 {[%clk 00:36:58]}
{[%emt 00:03:35]} 31. hxg5 {[%clk 00:06:58]} {[%emt 00:00:07]} fxg5 {[%clk
00:36:37]} {[%emt 00:00:51]} 32. Qxg5 {[%clk 00:06:43]} {[%emt 00:00:46]} Nf8
{[%clk 00:36:22]} {[%emt 00:00:45]} 33. Kh2 {[%clk 00:04:19]} {[%emt 00:02:54]}
Nh7 {[%clk 00:34:08]} {[%emt 00:02:43]} 34. Qe3 {[%clk 00:04:12]} {[%emt
00:00:37]} Rbc7 {[%clk 00:32:47]} {[%emt 00:01:51]} 35. Be2 {[%clk 00:04:19]}
{[%emt 00:00:24]} Ng6 {[%clk 00:20:50]} {[%emt 00:12:27]} 36. Nf5 {[%clk
00:03:17]} {[%emt 00:01:31]} Rf7 {[%clk 00:20:26]} {[%emt 00:00:54]} 37. Rg1
{[%clk 00:03:11]} {[%emt 00:00:37]} Nhf8 {[%clk 00:17:53]} {[%emt 00:03:03]} 38.
Qg5 {[%clk 00:02:07]} {[%emt 00:01:34]} Bd7 {[%clk 00:16:48]} {[%emt 00:01:34]}
39. Bh5 {[%clk 00:01:55]} {[%emt 00:00:43]} Qb6 {[%clk 00:11:03]} {[%emt
00:06:15]} 40. Rg2 {[%clk 00:01:14]} {[%emt 00:01:11]} Bxf5 {[%clk 00:08:22]}
{[%emt 00:03:11]} 41. exf5 {[%clk 00:01:25]} {[%emt 00:00:19]} Rc4 {[%clk
00:06:32]} {[%emt 00:02:19]} 0-1

[Event "6. Esbjerg Efterår - Esbjergmesterskabet 2023"]
[Site "Rybners HTX"]
[Date "2023.10.21"]
[Round "4.8"]
[White "Tranberg Jensen, Henrik"]
[Black "Derlich, Sarah Sima"]
[Result "0-1"]
[WhiteElo "1963"]
[BlackElo "1686"]

1. d4 {[%clk 01:30:59]} {[%emt 11:13:33]} d5 {[%clk 01:30:52]} {[%emt
00:00:08]} 2. c4 {[%clk 01:31:25]} {[%emt 00:00:04]} e6 {[%clk 01:31:12]}
{[%emt 00:00:10]} 3. Nf3 {[%clk 01:31:47]} {[%emt 00:00:07]} Nf6 {[%clk
01:31:35]} {[%emt 00:00:07]} 4. Bf4 {[%clk 01:32:03]} {[%emt 00:00:14]} Bd6
{[%clk 01:31:29]} {[%emt 00:00:35]} 5. Bxd6 {[%clk 01:31:20]} {[%emt 00:01:14]}
Qxd6 {[%clk 01:31:51]} {[%emt 00:00:08]} 6. c5 {[%clk 01:31:36]} {[%emt
00:00:14]} Qe7 {[%clk 01:31:56]} {[%emt 00:00:24]} 7. Nc3 {[%clk 01:31:40]}
{[%emt 00:00:26]} O-O {[%clk 01:31:34]} {[%emt 00:00:52]} 8. e3 {[%clk
01:31:57]} {[%emt 00:00:14]} c6 {[%clk 01:30:24]} {[%emt 00:01:39]} 9. Bd3
{[%clk 01:31:26]} {[%emt 00:01:01]} Nbd7 {[%clk 01:30:35]} {[%emt 00:00:20]} 10.
O-O {[%clk 01:30:24]} {[%emt 00:01:33]} e5 {[%clk 01:27:41]} {[%emt 00:03:23]}
11. dxe5 {[%clk 01:29:20]} {[%emt 00:01:35]} Nxe5 {[%clk 01:26:50]} {[%emt
00:01:20]} 12. Nxe5 {[%clk 01:28:37]} {[%emt 00:01:13]} Qxe5 {[%clk 01:27:12]}
{[%emt 00:00:07]} 13. h3 {[%clk 01:28:39]} {[%emt 00:00:28]} Bf5 {[%clk
01:22:30]} {[%emt 00:05:12]} 14. Re1 {[%clk 01:23:27]} {[%emt 00:05:42]} Rfe8
{[%clk 01:18:44]} {[%emt 00:04:15]} 15. Rc1 {[%clk 01:19:27]} {[%emt 00:04:31]}
d4 {[%clk 01:07:32]} {[%emt 00:11:41]} 16. f4 {[%clk 01:17:00]} {[%emt
00:02:58]} Qe6 {[%clk 01:03:08]} {[%emt 00:04:54]} 17. Bxf5 {[%clk 00:56:23]}
{[%emt 00:21:07]} Qxf5 {[%clk 01:03:23]} {[%emt 00:00:14]} 18. Qxd4 {[%clk
00:55:09]} {[%emt 00:01:45]} Rad8 {[%clk 01:02:39]} {[%emt 00:01:13]} 19. Qb4
{[%clk 00:54:59]} {[%emt 00:00:40]} Rd2 {[%clk 00:59:13]} {[%emt 00:03:56]} 20.
Nb5 {[%clk 00:40:16]} {[%emt 00:15:14]} Qd5 {[%clk 00:54:38]} {[%emt 00:05:04]}
21. e4 {[%clk 00:34:58]} {[%emt 00:05:48]} Rxe4 {[%clk 00:53:20]} {[%emt
00:01:48]} 22. Rxe4 {[%clk 00:30:24]} {[%emt 00:05:04]} Nxe4 {[%clk 00:52:37]}
{[%emt 00:01:12]} 23. Nc7 {[%clk 00:30:16]} {[%emt 00:00:39]} Qd3 {[%clk
00:52:53]} {[%emt 00:00:14]} 24. Re1 {[%clk 00:25:58]} {[%emt 00:04:48]} Rxg2+
{[%clk 00:52:12]} {[%emt 00:01:11]} 25. Kxg2 {[%clk 00:25:48]} {[%emt
00:00:40]} Qg3+ {[%clk 00:52:37]} {[%emt 00:00:05]} 0-1